000 00575nam a2200229Ia 4500
003 OSt
005 20230504161832.0
008 210423s2012 xx 000 0 und d
020 _a306447908
040 _cAL
041 _aeng
082 _a530.12 SHAR
_223
100 _aSHANKAR (R).
_997942
245 _aPrinciples of quantum mechanics.
250 _a2
260 _aNew Delhi
_bSpringer Pvt Ltd
_c2012
300 _axviii,676
_bPB
365 _b750
_cINR
650 _aQuantum Mechanics
_997943
906 _amechanics. ; Principles ; quantum
942 _2ddc
_cBK
999 _c162102
_d162102